[Event "Chervonny Open-2011"]
[Site "?"]
[Date "2011.09.24"]
[Round "5"]
[White "Matveev, Aleksandr"]
[Black "Blinov, Sergey"]
[Result "1-0"]
[WhiteElo "2072"]
[BlackElo "1964"]
[PlyCount "101"]
[EventDate "2011.09.28"]
[SourceDate "2011.09.29"]

1. d4 e6 2. Nf3 b6 3. c4 Bb7 4. g3 f5 5. Bg2 Bb4+ 6. Bd2 Bxd2+ 7. Nbxd2 Nf6 8.
O-O O-O 9. b4 a5 10. b5 Qe7 11. Qc2 d6 12. Rfd1 Nbd7 13. Nb3 Be4 14. Qc3 h6 15.
Nbd2 g5 16. Nxe4 Nxe4 17. Qd3 Rfd8 18. Ne1 Nef6 19. f3 Qh7 20. Rac1 e5 21. Nc2
f4 22. Bh3 Qxd3 23. Rxd3 fxg3 24. hxg3 Re8 25. Bxd7 Nxd7 26. Kg2 Kg7 27. e4 Kg6
28. Ne3 exd4 29. Rxd4 Ne5 30. Nf5 h5 31. Rc3 Rh8 32. Rc1 g4 33. Nh4+ Kg7 34. f4
Ng6 35. Nf5+ Kf6 36. Ne3 Rh7 37. Nd5+ Kf7 38. Nxc7 Rah8 39. Rxd6 h4 40. Rh1 h3+
41. Kf2 Ne7 42. Nd5 Nxd5 43. cxd5 Re8 44. e5 Rc8 45. Rc6 Rd8 46. d6 Ke6 47. Ke3
Rb8 48. Ke4 Rh5 49. f5+ Rxf5 50. d7+ Kxd7 51. Kxf5 1-0

[Event "Chervonny Open-2011"]
[Site "?"]
[Date "2011.09.24"]
[Round "5"]
[White "Kovalev, Aleksandr"]
[Black "Tokarzhevskiy, Aleksey"]
[Result "1-0"]
[WhiteElo "1955"]
[BlackElo "1905"]
[PlyCount "109"]
[EventDate "2011.09.28"]
[SourceDate "2011.09.29"]

1. e4 e6 2. d4 d5 3. exd5 exd5 4. Nf3 Nf6 5. Bd3 Bg4 6. O-O Be7 7. Re1 O-O 8.
Be3 Ne4 9. Nbd2 f5 10. Bf4 Bf6 11. Be2 Nc6 12. c3 g5 13. Be5 Bxf3 14. Nxf3 g4
15. Bxf6 Qxf6 16. Nd2 Qh4 17. g3 Qh5 18. Nxe4 dxe4 19. Qb3+ Kg7 20. Qxb7 Ne7
21. Qxc7 Rae8 22. Qe5+ Rf6 23. h4 Nc6 24. Qf4 e3 25. fxe3 Re4 26. Qf2 Ne7 27.
Bd3 Ree6 28. c4 Ng6 29. Rf1 Nxh4 30. gxh4 g3 31. Qf4 Rxe3 32. Rad1 g2 33. Qg5+
Qxg5 34. hxg5 gxf1=Q+ 35. Kxf1 Rb6 36. Kf2 Rxd3 37. Rxd3 Rxb2+ 38. Kf3 Rxa2 39.
d5 Kf7 40. c5 Rc2 41. d6 Ke8 42. Rd5 a5 43. Re5+ Kd8 44. Ke3 a4 45. Kd4 a3 46.
Re3 a2 47. Ra3 f4 48. Kd5 f3 49. Kc6 Rxc5+ 50. Kxc5 f2 51. Kc6 Ke8 52. d7+ Kf7
53. Rf3+ Kg6 54. d8=Q a1=Q 55. Qf6+ 1-0

[Event "Chervonny Open-2011"]
[Site "?"]
[Date "2011.09.24"]
[Round "5"]
[White "Guseva, Lidia"]
[Black "Anikeev, Anatoliy"]
[Result "0-1"]
[WhiteElo "1502"]
[BlackElo "1908"]
[PlyCount "99"]
[EventDate "2011.09.28"]
[SourceDate "2011.09.29"]

1. e4 c5 2. c3 e6 3. d4 cxd4 4. cxd4 d6 5. Nf3 a6 6. Nc3 Be7 7. Bf4 g5 8. Bg3
h5 9. h4 g4 10. Nd2 b5 11. Bd3 Bb7 12. a3 Nd7 13. Qe2 Rc8 14. Rc1 Qb6 15. Nb3
Ngf6 16. O-O Qd8 17. Rfe1 Ng8 18. d5 e5 19. Qe3 Ra8 20. Ne2 Ngf6 21. Rc2 Rc8
22. Rxc8 Bxc8 23. Nc3 Ng8 24. Ne2 Bxh4 25. Bxh4 Qxh4 26. Qg3 Qd8 27. Nd2 Nh6
28. Qe3 h4 29. g3 Nc5 30. b4 Nd7 31. Rc1 Ng8 32. Rc6 Ndf6 33. Nb3 Ne7 34. Rb6
Nfxd5 35. exd5 Nxd5 36. Qe4 Nxb6 37. Qc6+ Ke7 38. Nd2 f5 39. Nf1 h3 40. Qc2 Rf8
41. Qd2 Ke8 42. Qh6 Qf6 43. Qc1 Kd7 44. Nc3 Bb7 45. Qe3 Nc8 46. Ne2 f4 47. gxf4
exf4 48. Nxf4 Qxf4 49. Qxf4 Rxf4 50. Ng3 0-1

[Event "Chervonny Open-2011"]
[Site "?"]
[Date "2011.09.24"]
[Round "5"]
[White "Guseva, Antonina"]
[Black "Presnyakov, Semen"]
[Result "0-1"]
[WhiteElo "1621"]
[BlackElo "1986"]
[PlyCount "62"]
[EventDate "2011.09.28"]
[SourceDate "2011.09.29"]

1. e4 c5 2. c3 g6 3. d4 b6 4. Nf3 Bg7 5. Bf4 Bb7 6. Nbd2 d6 7. Qc2 Nf6 8. Bd3
Nbd7 9. d5 O-O 10. O-O-O Ng4 11. Rdf1 a6 12. h3 Nge5 13. h4 b5 14. h5 c4 15.
Be2 e6 16. hxg6 Nxg6 17. Bxd6 Re8 18. dxe6 Rxe6 19. e5 Ndxe5 20. Nxe5 Nxe5 21.
Bxe5 Rxe5 22. Bf3 Rb8 23. Rh2 Qe7 24. Qd1 Bxf3 25. gxf3 Rd8 26. f4 Re2 27. Rg2
Rexd2 28. Qxd2 Rxd2 29. Kxd2 Qd6+ 30. Ke2 Qxf4 31. Rd1 Kf8 0-1

[Event "Chervonny Open-2011"]
[Site "?"]
[Date "2011.09.25"]
[Round "6"]
[White "Stoletov, Gennadi"]
[Black "Nazarov, Valeriy"]
[Result "1/2-1/2"]
[WhiteElo "2246"]
[BlackElo "2235"]
[PlyCount "32"]
[EventDate "2011.09.28"]
[SourceDate "2011.09.29"]

1. e4 c6 2. d4 d5 3. e5 Bf5 4. Nf3 e6 5. Be2 c5 6. Be3 c4 7. O-O Ne7 8. Nc3
Nec6 9. Bg5 Qa5 10. Nh4 Bg6 11. a3 Be7 12. Nxg6 hxg6 13. Qd2 Nxd4 14. Bxe7
Nxe2+ 15. Qxe2 Kxe7 16. Qe3 Nc6 1/2-1/2

[Event "Chervonny Open-2011"]
[Site "?"]
[Date "2011.09.25"]
[Round "6"]
[White "Matveev, Aleksandr"]
[Black "Ivanov, Valery"]
[Result "1/2-1/2"]
[WhiteElo "2072"]
[BlackElo "2177"]
[PlyCount "105"]
[EventDate "2011.09.28"]
[SourceDate "2011.09.29"]

1. d4 d6 2. Nf3 Nf6 3. g3 Nbd7 4. Bg2 e5 5. dxe5 dxe5 6. Nc3 c6 7. O-O Be7 8.
e4 O-O 9. Qe2 Qc7 10. Rd1 b5 11. a3 a5 12. Bg5 Ba6 13. Qe1 h6 14. Bxf6 Nxf6 15.
h3 Rfe8 16. Qe3 Nd7 17. Bf1 Bc8 18. Rd2 Nb6 19. Rad1 Be6 20. Kh2 b4 21. axb4
axb4 22. Nb1 Ra5 23. b3 Bc5 24. Qe1 Rea8 25. Nh4 Ra2 26. Bd3 g6 27. Qf1 Kh7 28.
Ng2 f5 29. exf5 gxf5 30. f3 Kg7 31. Nh4 Rf8 32. Qe1 Nd5 33. Ng2 Bd4 34. Re2
Raa8 35. Rc1 Bb2 36. Rd1 Rae8 37. Ne3 Nxe3 38. Rxe3 Bd4 39. Re2 Bd5 40. Nd2 Bc3
41. Qh1 Re6 42. Bc4 Rg6 43. Bxd5 cxd5 44. Nf1 d4 45. Nd2 e4 46. Qg2 e3 47. Nc4
Kh7 48. f4 Rfg8 49. Qd5 Rxg3 50. Qxf5+ Kh8 51. Ne5 R3g7 52. Qf6 Kh7 53. Qf5+
1/2-1/2

[Event "Chervonny Open-2011"]
[Site "?"]
[Date "2011.09.25"]
[Round "6"]
[White "Anikeev, Anatoliy"]
[Black "Popelyshev, Igor V."]
[Result "0-1"]
[WhiteElo "1908"]
[BlackElo "2154"]
[PlyCount "108"]
[EventDate "2011.09.28"]
[SourceDate "2011.09.29"]

1. d4 d5 2. Nf3 Nf6 3. e3 c6 4. Nbd2 Nbd7 5. c4 e6 6. a3 Bd6 7. b4 e5 8. dxe5
Nxe5 9. Bb2 Bg4 10. cxd5 Nxd5 11. Be2 Bxf3 12. Nxf3 Qe7 13. O-O O-O 14. b5 Rad8
15. Qb3 Nb6 16. bxc6 Nxc6 17. Bb5 Rc8 18. Bxc6 Rxc6 19. Nd4 Rc5 20. Nf3 Rfc8
21. Rac1 Rxc1 22. Rxc1 Rxc1+ 23. Bxc1 Qc7 24. Qd1 Nc4 25. a4 h6 26. g3 Qc6 27.
a5 Nxa5 28. Bb2 Nc4 29. Ba1 Qe4 30. Nd4 Be5 31. Nb5 Bxa1 32. Qxa1 a6 33. Nd4
Nd2 34. Qb2 Qd3 35. Qc1 b5 36. Qc8+ Kh7 37. Qc2 Nf3+ 38. Kh1 Qxc2 39. Nxc2 a5
40. Kg2 Nd2 41. f4 b4 42. Kf2 b3 43. Na3 b2 44. Ke2 b1=Q 45. Nxb1 Nxb1 46. Kd3
Na3 47. Kc3 Nb5+ 48. Kb3 Na7 49. e4 Kg6 50. g4 Kf6 51. e5+ Ke6 52. h4 g6 53.
Kc4 h5 54. gxh5 gxh5 0-1

[Event "Chervonny Open-2011"]
[Site "?"]
[Date "2011.09.25"]
[Round "6"]
[White "An, Yuriy"]
[Black "Kovalev, Aleksandr"]
[Result "1-0"]
[WhiteElo "1976"]
[BlackElo "1955"]
[PlyCount "49"]
[EventDate "2011.09.28"]
[SourceDate "2011.09.29"]

1. c4 e5 2. Nc3 d6 3. Nf3 Nf6 4. d4 exd4 5. Nxd4 h6 6. e4 Be7 7. Bd3 Bd7 8. h3
Nc6 9. Nxc6 Bxc6 10. Be3 Nd7 11. Qe2 Ne5 12. Bc2 Bg5 13. f4 Bh4+ 14. Kd2 Nd7
15. Rad1 Bf6 16. b4 b6 17. Qd3 Qe7 18. Rhe1 Bb7 19. Nd5 Qd8 20. Kc1 a5 21. b5
O-O 22. e5 g6 23. exf6 Bxd5 24. cxd5 Nxf6 25. f5 1-0

[Event "Chervonny Open-2011"]
[Site "?"]
[Date "2011.09.25"]
[Round "6"]
[White "Gavrilov, Yuri"]
[Black "Presnyakov, Semen"]
[Result "1/2-1/2"]
[WhiteElo "2093"]
[BlackElo "1986"]
[PlyCount "50"]
[EventDate "2011.09.28"]
[SourceDate "2011.09.29"]

1. d4 Nf6 2. c4 g6 3. Nc3 Bg7 4. e4 d6 5. Bd3 O-O 6. Nge2 e5 7. d5 c6 8. O-O
Nbd7 9. Ng3 Nc5 10. Bc2 a5 11. Be3 cxd5 12. cxd5 Ng4 13. Bxc5 dxc5 14. h3 Nh6
15. Rc1 f5 16. exf5 Nxf5 17. Nxf5 Bxf5 18. Bxf5 gxf5 19. Na4 b6 20. Qb3 Rb8 21.
Nc3 Kh8 22. Rcd1 e4 23. Nb5 Qd7 24. a4 Rbe8 25. Qc2 f4 1/2-1/2

[Event "Chervonny Open-2011"]
[Site "?"]
[Date "2011.09.25"]
[Round "6"]
[White "Tokarzhevskiy, Aleksey"]
[Black "Guseva, Lidia"]
[Result "1-0"]
[WhiteElo "1905"]
[BlackElo "1502"]
[PlyCount "105"]
[EventDate "2011.09.28"]
[SourceDate "2011.09.29"]

1. e4 c6 2. d4 d5 3. Nc3 dxe4 4. Nxe4 Nf6 5. Ng3 g6 6. Nf3 c5 7. Bg5 Bg7 8.
Bb5+ Bd7 9. Bxd7+ Nbxd7 10. O-O O-O 11. dxc5 Nxc5 12. b4 Nce4 13. Nxe4 Nxe4 14.
Qxd8 Rfxd8 15. Rad1 Nc3 16. Rxd8+ Rxd8 17. a3 f6 18. Be3 a6 19. Re1 Rd1 20. Kf1
Rxe1+ 21. Kxe1 b5 22. Nd4 Nd5 23. Nc6 f5 24. Kd2 Nc3 25. Kc1 Ne2+ 26. Kb1 Nc3+
27. Kb2 Ne2+ 28. Kb3 f4 29. Bd2 Kf7 30. c3 e5 31. f3 Ke6 32. Nb8 Kd6 33. Nxa6
Kc6 34. Nc5 Kd5 35. a4 Bf8 36. axb5 Bxc5 37. bxc5 Kxc5 38. Ka4 Kb6 39. Kb4 g5
40. h3 Ng3 41. c4 e4 42. c5+ Kb7 43. fxe4 Nxe4 44. Be1 h5 45. Bc3 g4 46. hxg4
hxg4 47. c6+ Kc8 48. b6 Nd6 49. Be5 Nb7 50. Bxf4 Nd8 51. Kb5 Nb7 52. cxb7+ Kxb7
53. g3 1-0

[Event "Chervonny Open-2011"]
[Site "?"]
[Date "2011.09.25"]
[Round "7"]
[White "Ivanov, Valery"]
[Black "Stoletov, Gennadi"]
[Result "1/2-1/2"]
[WhiteElo "2177"]
[BlackElo "2246"]
[PlyCount "22"]
[EventDate "2011.09.28"]
[SourceDate "2011.09.30"]

1. e4 e5 2. Nf3 Nc6 3. d4 exd4 4. Nxd4 Nf6 5. Nxc6 bxc6 6. e5 Nd5 7. Bd3 g6 8.
h4 Bg7 9. Bg5 f6 10. exf6 Bxf6 11. Bxf6 Qxf6 1/2-1/2

[Event "Chervonny Open-2011"]
[Site "?"]
[Date "2011.09.25"]
[Round "7"]
[White "Nazarov, Valeriy"]
[Black "Matveev, Aleksandr"]
[Result "1/2-1/2"]
[WhiteElo "2235"]
[BlackElo "2072"]
[PlyCount "21"]
[EventDate "2011.09.28"]
[SourceDate "2011.09.30"]

1. e4 d6 2. d4 Nf6 3. Nc3 g6 4. f4 Bg7 5. Nf3 Bg4 6. h3 Bxf3 7. Qxf3 O-O 8. Be3
c6 9. O-O-O Qc7 10. e5 Nd5 11. Bc4 1/2-1/2

[Event "Chervonny Open-2011"]
[Site "?"]
[Date "2011.09.25"]
[Round "7"]
[White "Popelyshev, Igor V"]
[Black "An, Yuriy"]
[Result "1-0"]
[WhiteElo "2154"]
[BlackElo "1976"]
[PlyCount "107"]
[EventDate "2011.09.28"]
[SourceDate "2011.09.30"]

1. e4 c6 2. d4 d5 3. Nc3 a6 4. e5 Bf5 5. h4 Qd7 6. Bd3 Bxd3 7. Qxd3 e6 8. Be3
b5 9. a4 b4 10. Nce2 a5 11. Nc1 Ne7 12. g4 h5 13. f3 c5 14. dxc5 hxg4 15. fxg4
Ng6 16. Nf3 Qc7 17. Nb3 Nd7 18. O-O-O Bxc5 19. Rde1 Bxe3+ 20. Qxe3 Rc8 21. Nbd4
Nb6 22. b3 Qc3 23. Qxc3 Rxc3 24. h5 Nf4 25. Kd2 Ke7 26. Re3 Rhc8 27. Rxc3 Rxc3
28. g5 Nd7 29. h6 gxh6 30. gxh6 Ng6 31. h7 Nh8 32. Rg1 Nf8 33. Rg8 Nhg6 34.
h8=Q Nxh8 35. Rxh8 Nd7 36. Ra8 f6 37. Ra7 Ke8 38. exf6 Nxf6 39. Ng5 e5 40. Nf5
Ne4+ 41. Nxe4 dxe4 42. Rxa5 Kf7 43. Nd6+ Ke6 44. Nxe4 Rc7 45. Rb5 Rd7+ 46. Ke3
Rc7 47. Rc5 Rg7 48. Rc6+ Kd7 49. Rd6+ Kc7 50. a5 Rg2 51. Rd2 Rg6 52. Rd5 Re6
53. Kd3 Re8 54. Kc4 1-0

[Event "Chervonny Open-2011"]
[Site "?"]
[Date "2011.09.25"]
[Round "7"]
[White "Kovalev, Aleksandr"]
[Black "Anikeev, Anatoliy"]
[Result "1/2-1/2"]
[WhiteElo "1955"]
[BlackElo "1908"]
[PlyCount "48"]
[EventDate "2011.09.28"]
[SourceDate "2011.09.30"]

1. e4 c5 2. Nf3 Nc6 3. Bc4 e6 4. O-O d5 5. exd5 exd5 6. Re1+ Be7 7. Bb5 Nf6 8.
Ne5 Qb6 9. c4 dxc4 10. Bxc6+ bxc6 11. Qa4 Bd7 12. Nxc4 Qb5 13. Qxb5 cxb5 14.
Ne3 Be6 15. b3 O-O 16. Bb2 Nd5 17. Nc3 Nb4 18. Nxb5 a6 19. Na3 Rad8 20. Rab1
Nxa2 21. Nac4 Nb4 22. Bc3 Nd3 23. Red1 Bg4 24. f3 Be6 1/2-1/2

[Event "Chervonny Open-2011"]
[Site "?"]
[Date "2011.09.25"]
[Round "7"]
[White "Presnyakov, Semen"]
[Black "Tokarzhevskiy, Aleksey"]
[Result "0-1"]
[WhiteElo "1986"]
[BlackElo "1905"]
[PlyCount "62"]
[EventDate "2011.09.28"]
[SourceDate "2011.09.30"]

1. c4 e5 2. Nc3 Nf6 3. g3 d5 4. cxd5 Nxd5 5. Bg2 Be6 6. Nf3 Nc6 7. d3 h6 8. Bd2
Bc5 9. Rc1 Bb6 10. a3 a5 11. O-O O-O 12. Na4 Qd6 13. Nxb6 Nxb6 14. Qc2 a4 15.
Be3 Bb3 16. Qc5 Qxc5 17. Bxc5 Rfd8 18. Nd2 Bd5 19. Bxb6 cxb6 20. Bxd5 Rxd5 21.
Nc4 Rb5 22. f4 Nd4 23. Kf2 exf4 24. gxf4 Rh5 25. e3 Nb3 26. Rc3 b5 27. Nd6
Rxh2+ 28. Kg3 Rxb2 29. Rc7 b4 30. axb4 a3 31. Nxf7 a2 0-1

[Event "Chervonny Open-2011"]
[Site "?"]
[Date "2011.09.25"]
[Round "7"]
[White "Blinov, Sergey"]
[Black "Kroll, Dmitry V"]
[Result "1-0"]
[WhiteElo "1964"]
[BlackElo "1568"]
[PlyCount "89"]
[EventDate "2011.09.28"]
[SourceDate "2011.09.30"]

1. Nf3 Nf6 2. b3 e6 3. Bb2 d5 4. e3 Bd6 5. d4 O-O 6. Bd3 b6 7. Nbd2 Bb7 8. h3
Nbd7 9. Ne5 Ne4 10. Nxd7 Qxd7 11. Qg4 f5 12. Qe2 f4 13. Bxe4 dxe4 14. O-O-O
fxe3 15. fxe3 Rf5 16. Qg4 Ra5 17. Nxe4 Be7 18. d5 g6 19. dxe6 Qc6 20. Nf6+ Bxf6
21. Bxf6 Rxa2 22. Bb2 Re8 23. Qd4 Rxb2 24. Kxb2 Qxe6 25. Rhf1 Bxg2 26. Rf6 Qe7
27. Qc4+ Kg7 28. Qc3 Kg8 29. Rd2 Be4 30. Rdf2 Bd5 31. e4 Be6 32. h4 Bg4 33.
R6f4 Bh5 34. Qc4+ Kh8 35. Qd4+ Kg8 36. Qd5+ Kh8 37. Rf7 Qxh4 38. Rf8+ Rxf8 39.
Rxf8+ Kg7 40. Qf7+ Kh6 41. Re8 Bg4 42. Qf8+ Kh5 43. Qf4 Bd7 44. Re5+ g5 45.
Qf7+ 1-0

[Event "Chervonny Open-2011"]
[Site "?"]
[Date "2011.09.25"]
[Round "7"]
[White "Guseva, Lidia"]
[Black "Guseva, Antonina"]
[Result "1/2-1/2"]
[WhiteElo "1502"]
[BlackElo "1621"]
[PlyCount "54"]
[EventDate "2011.09.28"]
[SourceDate "2011.09.30"]

1. e4 c6 2. d4 d5 3. Nc3 dxe4 4. Nxe4 Nf6 5. Nxf6+ exf6 6. Nf3 Be6 7. Be3 Nd7
8. Bd3 Qa5+ 9. Qd2 Qh5 10. O-O-O Bd6 11. h3 a5 12. Bf4 Bxf4 13. Qxf4 a4 14.
Rhe1 O-O 15. Nd2 Qg5 16. Qxg5 fxg5 17. Bc4 Bxc4 18. Nxc4 Rfd8 19. d5 c5 20. d6
b5 21. Ne5 f6 22. Nxd7 Rxd7 23. Re7 Rxe7 24. dxe7 Re8 25. Rd8 Kf7 26. Rxe8 Kxe8
27. Kd2 Kxe7 1/2-1/2